Ứng dụng toán học: Vietnam Journal of mathematical Applications
Đã lưu trong:
| Nhiều tác giả của công ty: | , |
|---|---|
| Formáid: | Iriseán |
| Teanga: | Vietnamese |
| Foilsithe: |
Hà Nội:
Hội Ứng dụng Toán học Việt Nam,
|
| Ábhair: | |
| Clibeanna: |
Cuir Clib Leis
Gan Chlibeanna, Bí ar an gcéad duine leis an taifead seo a chlibeáil!
|
| Thư viện lưu trữ: | Thư viện Trường Đại học Đà Lạt |
|---|
| LEADER | 00620nam a2200229 4500 | ||
|---|---|---|---|
| 001 | DLU080063369 | ||
| 040 | # | # | |a DLU |b vie |
| 041 | # | # | |a vie |
| 245 | # | # | |a Ứng dụng toán học: |b Vietnam Journal of mathematical Applications |
| 260 | # | # | |a Hà Nội: |b Hội Ứng dụng Toán học Việt Nam, |
| 300 | # | # | |a tr.; |c 26cm |
| 653 | # | # | |a Toán học |
| 710 | # | # | |a Đại Học Bách khoa Hà Nội |
| 710 | # | # | |a Hội Toán học Việt Nam |
| 994 | # | # | |a DLU |
| 900 | # | # | |a True |
| 911 | # | # | |a Nguyễn Thị Minh Cầm |
| 925 | # | # | |a G |
| 926 | # | # | |a A |
| 927 | # | # | |a TT |
| 980 | # | # | |a Thư viện Trường Đại học Đà Lạt |